BATTLE OF THE QUIZZES Stats

Quiz not verified by Sporcle

Challenge
Share
Tweet
Embed
Score 0/16 Timer 02:00
0 Plays Today
Matchups Your Favorite % Correct
Matchup #1Ben
90.2%
Matchup #5Rockgolf
78.8%
Matchup #2enough
73.9%
Matchup #7Lth
71.2%
Matchup #3Hejman
64.1%
Matchup #8Booger
62.5%
Matchup #6davidr
59.8%
Matchup #4Kicking222
58.2%
Matchups Your Favorite % Correct
Matchup #4GeoExpert
50.5%
Matchup #6Unidentifiedkiwi
46.2%
Matchup #8Troublemaker
45.1%
Matchup #3Lupin
44.6%
Matchup #7Sam
35.9%
Matchup #2betraisefold
33.7%
Matchup #5Pumpkinbomb
27.7%
Matchup #1NoMuny12
26.6%

You're not logged in!

Compare scores with friends on all Sporcle quizzes.
Sign Up with Email
OR
Log In

You Might Also Like...

Show Comments

Extras

Top Quizzes Today


Score Distribution

Your Account Isn't Verified!

In order to create a playlist on Sporcle, you need to verify the email address you used during registration. Go to your Sporcle Settings to finish the process.